000 00420 a2200169 4500
001 145268
040 _cLeonardo Da Vinci
041 _aPortuguês
082 _a869.93 E65i
_bE65i
100 _aERCOLANI, Valdi
245 _aInicêncio e a criança divina
260 _bselene
_c2008
_aSão Paulo
300 _a246
362 _a20080000
697 _aAutoconhecimento
_aFicção brasileira
_aOcultismo
942 _cBK
999 _c145268
_d145268